000 00608aam a2200217 4500
001 7372
003 Uk
005 20250613155544.0
006 m || d |
007 cr |||||||||||
008 040401s2004 enka ob 001 0 eng
020 _a9780393318110
082 0 4 _a363.7 CRO
100 1 _aCronon. William. (Ed.)
245 1 0 _aUncommon ground :
_b rethinking the human place in nature.
260 _aNew York :
_bW.W. Norton & Company,
_c1996.
300 _a407 p. :
_bill, :
_c25 cm.
504 _aIncludes bibliographical references and index.
800 _aPalsson, Gisli.
942 _2ddc
_cMAIN
999 _c10382
_d10383